Traduction en Espagnol - Thème Fruits, Légumes & Aromates - Statistiques

Statistiques générales
  • Ce quiz a été pris 32 fois
  • Le résultat moyen est 30 sur 144
Statistiques - réponses
Français Espagnol % Correct
Ananas Piña
82%
Banane Plátano
77%
Ail Ajo
64%
Fraise Fresa
64%
Abricot Albaricoque
59%
Citron Limón
59%
Pomme Manzana
59%
Avocat Aguacate
55%
Kiwi Kiwi
55%
Mangue Mango
55%
Poire Pera
55%
Tomate Tomate
55%
Melon Melón
50%
Riz Arroz
45%
Brocoli Brócoli
45%
Cerise Cereza
45%
Champignon Champiñón
45%
Framboise Frambuesa
45%
Pâtes Pasta
45%
Carotte Zanahoria
45%
Oignon Cebolla
41%
Laitue Lechuga
41%
Maïs Maíz
41%
Raisin Uva
41%
Olive Aceituna
36%
Citron vert Lima
36%
Litchi Litchi
36%
Noix Nuez
36%
Concombre Pepino
36%
Piment Pimiento
36%
Wasabi Wasabi
36%
Olive verte Aceituna verde
32%
Artichaut Alcachofa
32%
Oignon rouge Cebolla roja
32%
Chou Col
32%
Chou-fleur Coliflor
32%
Épinard Espinaca
32%
Lavande Lavanda
32%
Mandarine Mandarina
32%
Miel Miel
32%
Papaye Papaya
32%
Poivron Pimiento
32%
Amande Almendra
27%
Clémentine Clementina
27%
Noix de coco Coco
27%
Curcuma Cúrcuma
27%
Pommes de terre Patatas
27%
Pamplemousse Pomelo
27%
Soja Soja
27%
Olives noires Aceitunas negras
23%
Aubergine Berenjena
23%
Cacahuète Cacahuete
23%
Prune Ciruela
23%
Asperge Espárrago
23%
Petit pois Guisante
23%
Figue Higo
23%
Kumquat Kumquat
23%
Menthe Menta
23%
Mûre Mora
23%
Navet Nabo
23%
Nectarine Nectarina
23%
Poivre Pimienta
23%
Poireau Puerro
23%
Celeri Apio
18%
Courgette Calabacín
18%
Citrouille Calabaza
18%
Cannelle Canela
18%
Curry Curry
18%
Couscous Cuscús
18%
Durian Durian
18%
Haricot Frijol
18%
Haricot vert Judía verde
18%
Lentilles Lentejas
18%
Moutarde Mostaza
18%
Oregano Orégano
18%
Cornichon Pepinillo
18%
Betterave Remolacha
18%
Courge Calabaza
14%
Châtaigne Castaña
14%
Dattes Dátiles
14%
Estragon Estragón
14%
Haricots rouges Frijoles rojos
14%
Groseille Grosella
14%
Haricots blancs Judías blancas / Frijoles blancos
14%
Laurier Laurel
14%
Salade Lechuga
14%
Radis Rábano
14%
Vinaigre balsamique Vinagre balsámico
14%
Blette Acelga
9%
Basilic Albahaca
9%
Noisette Avellana
9%
Potiron Calabaza
9%
Kaki Caqui
9%
Cumin Comino
9%
Pois chiches Garbanzos
9%
Pois Guisante
9%
Mélisse Melisa
9%
Salsifis Salsifí
9%
Tomate cerise Tomate cherry
9%
Truffe Trufa
9%
Vanille Vainilla
9%
Safran Azafrán
5%
Cardamome Cardamomo
5%
Coriandre Cilantro
5%
Pêche Durazno
5%
Goyave Guayaba
5%
Gingembre Jengibre
5%
Mâche Mâche
5%
Mangoustan Mangostán
5%
Noix de macadamia Nuez de macadamia
5%
Noix de pécan Nuez de pecán
5%
Muscade Nuez moscada
5%
Persil Perejil
5%
Paprika Pimentón
5%
Romarin Romero
5%
Semoule Sémola
5%
Tomates séchées Tomates secas
5%
Thym Tomillo
5%
Manioc Yuca
5%
Céleri-rave Apio nabo
0%
Myrtille Arándano azul
0%
Patate douce Batata
0%
Orge Cebada
0%
Ciboulette Cebollino
0%
Panais Chirivía
0%
Clou de girofle Clavo
0%
Chou-rave Col de nabo
0%
Chou de Bruxelles Coles de Bruselas
0%
Flocons d'avoine Copos de avena
0%
Aneth Eneldo
0%
Endive Escarola
0%
Pomme grenade Granada
0%
Cassis Grosella negra
0%
Fève Habas
0%
Citronnelle Hierba de limón
0%
Fenouil Hinojo
0%
Orgeat Jarabe de almendra
0%
Rutabaga Nabo
0%
Noix de cajou Nuez de anacardo
0%
Quinoa Quinua
0%
Zeste Ralladura
0%
Sauge Salvia
0%
Tamarin Tamarindo
0%
Sarrasin Trigo sarraceno
0%
Aucun quiz correspondant
Distribution des résultats
% des personnes avec chaque résultat
Percentile par nombre de réponses
Votre historique - résultats
Vous n’avez pas pris ce quiz